00531cam a22001934a 45000010009000000050017000090080041000260100017000670200028000840400018001120410008001300420008001380800016001460820020001621000006001821010008001882450090001965040051002861229631620180301065102.0010201s2001 enk b 001 0 eng  a 2001021977 a0130161217 (alk. paper) aDLCcDLCdDLC aeng apcc a333.9 5 HAN00a333.9 5 HAN221 a9 aMJE00aEcology, uncertainty, and policy :cedited by J.W. Handmer, T.W. Norton, S.R. Dovers. aIncludes bibliographical references and index.